| 000 | 00570nam a22001937a 4500 | ||
|---|---|---|---|
| 999 |
_c460 _d460 |
||
| 003 | AR-CdUCM | ||
| 008 | 190223b ||||| |||| 00| 0 spa d | ||
| 040 |
_aMUNICIPALIDAD PROVINCIAL DEL CUSCO _cBIBLIOTECA MUNICIPAL DEL CUSCO |
||
| 082 |
_a869.963 / _bSO66 |
||
| 100 |
_aSoler Puig, José _91820 |
||
| 245 | _aEl pan dormido / | ||
| 260 |
_aLa Habana : _bEditorial de Arte y Literatura, _c1977. |
||
| 300 |
_a543 páginas ; _c18 cm. |
||
| 650 |
_aLiteratura. _983 |
||
| 650 |
_aCuba. _91821 |
||
| 650 |
_aPueblo. _91822 |
||
| 942 |
_2ddc _cLIBROS |
||
| 945 |
_amvr _d2019-02-23 |
||